000 00626nam a2200241Ia 4500
003 OSt
005 20221005132141.0
006 a|||||r|||| 00| 0
007 ta
008 221004b |||||||| |||| 00| 0 tam d
024 _a47944
037 _cTextual
040 _aCRL
_cCRL
_btam
041 _2tam
_atam
082 _aO31,1k, J9.2
100 _aPulavar Ramasamy Au.
_9603840
245 0 _aThamizh puld var dgard varisai
260 _c1959
650 _a TAMIL POETRY
650 _aTAMIL LITERATURE
942 _hO31,1k, J9.2
_cTEXL
_2cc
999 _c1062581
_d1062581